000 00440nam a2200181Ia 4500
001 5258
005 20260306145855.0
008 260306t1999||||xx |||||||||||||| ||spa||
041 _aESP
082 _a338.4791
_bW34
100 _aWearing, Stephen
_eAUT
245 0 _aEcoturismo impacto, tendencias y posibilidades
260 _c1999
300 _a269 páginas :
_c23 cm.
650 _aGEN
654 _aCAN
942 _cLIB
_dJUS
_fJUS
_2ddc
_n
999 _c5258
_d5258